| 000 | 00565cam a22002291 4500 | ||
|---|---|---|---|
| 001 | 8929871 | ||
| 005 | 20180105043220.0 | ||
| 008 | 760223s1966 xx 000 0 eng | ||
| 010 | _a 65027576 | ||
| 035 | _a(OCoLC)2006615 | ||
| 040 |
_aDLC _cTJoS-M _dDLC |
||
| 041 | _aeng | ||
| 042 | _apremarc | ||
| 080 | _a615.781 BUR | ||
| 082 | _a615.781 BUR | ||
| 100 | 1 | _a6 | |
| 101 | _aANA | ||
| 245 | 1 | 0 | _aFundamental considerations in anesthesia. |
| 504 | _aIncludes "References" | ||
| 906 |
_a7 _bcbc _coclcrpl _du _encip _f19 _gy-gencatlg |
||
| 942 |
_2ddc _cBK |
||
| 999 |
_c39789 _d39789 |
||